000 00485nam a2200193Ia 4500
003 OSt
005 20230615153721.0
008 210210b1995 xxu||||| |||| 00| 0 eng d
040 _cAL
041 _aEnglish
082 _a909 SREM
100 _aSREENIVASA MURTHY (H V)
_9124091
245 _aMain trends in world history I PUC
260 _aBangalore
_bCambridge Publishing Co.
_c1995
300 _avi,272
690 _aWorld History
_9124099
906 _a050618
942 _2ddc
_cBK
999 _c99163
_d99163